000 00343nam a2200133Ia 4500
008 231129s9999||||xx |||||||||||||| ||spa||
020 _a84-206-2331-8 (v.1).
040 _bspa
082 _a193 H972i
100 _aHusserl Edmund
245 0 _aInvestigaciones lógicas
264 _aAlianza
942 _2ddc
_cBKS
999 _c16007
_d16007